| 000 | 00734nas a2200265Ia 4500 | ||
|---|---|---|---|
| 001 | A50/R193-18720 [r000017361] | ||
| 003 | IT-MiCISF | ||
| 008 | 161014c99999999xx |||||||||||| ||und|| | ||
| 040 |
_aIT-MiCISF _cIT-MiCISF |
||
| 041 | _aITALIANO | ||
| 100 | _aA.B. | ||
| 210 | _aVivereoggi | ||
| 222 | _aVivereoggi | ||
| 245 | 0 | _aDimenticare Peter Pan | |
| 250 | _a1a ed. | ||
| 260 | _c1996 | ||
| 501 |
_bCISF - Centro Internazionale Studi Famiglia - Via Giotto, 36 20145 MILANO (non commercial uses only) _cCopyright 2016 |
||
| 300 | _app. 60-62 | ||
| 362 | _an. 6 [1996] | ||
| 500 | _a Tema: anziani, educazione | ||
| 650 |
_aterza età _varticolo |
||
| 700 | _aAA.VV. | ||
| 942 | _cCR | ||
| 957 | _71 | ||
| 999 |
_a18720 _bSi _g1 _c244359 _d244359 |
||